| 000 | 00318nam a2200109Ia 4500 | ||
|---|---|---|---|
| 008 | 220204s9999 xx 000 0 und d | ||
| 082 |
_a62(058)(540)1995 _bWOR |
||
| 245 | 0 | _aWorkshoppers all India Engineering products directory 1995. | |
| 260 |
_aMadras _bProspex India _c1995 |
||
| 650 | _aRubber machinery | ||
| 942 | _cBK | ||
| 999 |
_c40667 _d40667 |
||